000 01305nam a2200373 c 4500
003 BLK
005 20240705102217.0
008 180411b bul|||||r ||||||| ||bul||
010 _aKNG00187670000
020 _a978-619-178-044-0
_bиздат.: Фама+
040 _aBLK
041 _aBUL
_cBUL
072 7 _2bullib
_aН83
_xЧужда художествена литература Н
080 _aФренска литература
_b821.133.1
_x-32
_z821.133.1-32
080 _aФренска литература
_b821.133.1
_x-2
_z821.133.1-2
100 1 _aВиан, Борис
_eпърви автор
_9377610
700 1 _aКоева, Мария
_eпрев. от фр.
_9364416
139 _aВиан, Борис
_bВ 55
245 1 0 _aОколо полунощ
_cБорис Виан; прев. от фр. Мария Коева.
257 _aFRA
260 София
_bФама+
_c2016
300 _a235 с.
_c22 см
380 _aX
490 1 _aКласика
653 _aразкази
653 _aпиеси
659 _aН
852 _aЦб 280377
856 4 _qpdf
_u
856 4 _qpdf
_u
942 _cKNG
_n0
_04
944 _aCR
_c14.04.2016
_lЦветомила Тодорова
_k30576
944 _aED
_c18.04.2016
_lф /
_kЛюдмила_Стоянова
999 _c178910
_d178910